000 00623nam a2200241Ia 4500
003 OSt
005 20220918202133.0
006 a|||||r|||| 00| 0
007 ta
008 220917b |||||||| |||| 00| 0 eng d
024 _a99,035
037 _cTextual
040 _aARTS
_cARTS
_beng
041 _2eng
_aeng
082 _aV2:19.N7, M9
100 _aHaksar P N
_9100113
245 0 _aIndia's foreign policy and its problems
260 _aNew Delhi
_bPatriot
_c1989
300 _axi, 278p.
_ccm.
650 _aHISTORY
942 _hV2:19.N7, M9
_cTEXL
_2CC
999 _c222613
_d222613